00626nam a2200205Ia 4500003000900000008004100009040003300050041000800083080001700091100002400108245006200132246003100194260002800225300001300253650001200266650001300278942000700291952010300298999001900401LK-CoDNM010623t1990 xxu||||| |||| 00| 1 sin d aLK-CoDNMdLK-CoDNMeLK-CoDNM asin a(x) 398bJAY aJayawardena, Ananda aසිංහල අවුරුදු රබන් පද aSinhala avurudu raban pada bS.GodageaColomboc1990 b8, 25 cm aCulture aFolklore cBK 001040708MONOaMAINbMAINd2023-08-02l0o(x) 398 JAYp07-P30924-61r2023-08-02w2023-08-02yBK c114906d114906